000
00302nam a2200133Ia 4500
008
231017s9999 xx 000 0 und d
082
_a
388.40285
082
_b
ASS
245
0
_a
Asset Management NT Version 1.0: Users Guide
245
0
_c
NCHRP
260
_b
NCHRP
300
_c
30cm
942
_c
REP
999
_c
604149
_d
604149